00339nam a2200109Ia 4500008004100000020001800041040002900059050002600088100002300114245005000137260004200187230222s9999||||xx |||||||||||||| ||und|| a9788121917797 cChuka University Library aTK 7871.58bS275 1999 aSARKAR,DUBIR.KUMAR 0aOPERATIONAL AMPLIFIERS AND THEIR APPLICATIONS aS.CHAND & COMPANY LTDbNEWDELHIc1999